| 000 | 00704nam a2200241 a 4500 | ||
|---|---|---|---|
| 005 | 20240808063846.0 | ||
| 008 | 011121s1998 mx r 000 0 spa d | ||
| 020 | _a9706560491 | ||
| 035 | _aUPN01000113983 | ||
| 049 | _aI | ||
| 050 | 4 |
_aQL467.2 _bM6.48 |
|
| 100 | 1 | _aMound, Lawrence | |
| 245 | 1 | 0 |
_aInsectos / _cLawrence Mound, Steve Brooks ; tr. Juan Salvador. |
| 260 |
_aMéxico : _bCNCA, Dirección General de Publicaciones : _bAutrey, _c1998. |
||
| 300 |
_a160 p. : _bil., col. |
||
| 440 | 0 |
_aMiniguía ; _v12 |
|
| 650 | 4 |
_aInsectos _910969 |
|
| 650 | 4 |
_aESCARABAJOS _921703 |
|
| 650 | 4 |
_aHORMIGAS _910970 |
|
| 650 | 4 |
_aMARIPOSAS _99999 |
|
| 700 | 1 |
_aBrooks, Steve, _ecoaut. |
|
| 905 | _aInfantil | ||
| 999 |
_c87891 _d87891 |
||